| 000 | 00850 a2200265 4500 | ||
|---|---|---|---|
| 999 |
_c8546 _d8546 |
||
| 020 | _a0949981354 | ||
| 050 | _aPR2804 SHA 1973 | ||
| 100 |
_aShakespeare, William _eauthor |
||
| 245 |
_aJulius Caeser / _cWilliam Shakespeare, translated by Samuel Jonas Baloyi and revised by Charlotte Nkondo |
||
| 250 | _aTsonga edition | ||
| 264 |
_aBraamfontein : _bSasavona Publishers and Booksellers, _c1973 |
||
| 300 | _a92p. | ||
| 500 | _aTsonga edition | ||
| 650 | _aCaesar, Julius | ||
| 650 | _aRome (Empire) | ||
| 650 | _aAssassination | ||
| 650 | _aAssassins | ||
| 650 | _aConspiracies | ||
| 650 | _aJulius Caesar (Shakespeare, William) | ||
| 650 | _aBrutus, Marcus Junius, 85 B.C.?-42 B.C | ||
| 650 | _aLiterature | ||
| 700 |
_aBaloyi, Samuel Jonas _etranslator |
||
| 700 |
_aNkondo, Charlotte _erevisions |
||
| 942 |
_2lcc _cBK _h2804 _iSHA _kPR |
||